书目信息 |
| 题名: |
你不可不知的28位商界领袖
|
|
| 作者: | 里格比 著 ;齐艳 译 | |
| 分册: | ||
| 出版信息: | 北京 机械工业出版社 2012.1 |
|
| 页数: | 145页 | |
| 开本: | 26cm | |
| 丛书名: | ||
| 单 册: | ||
| 中图分类: | K815.38 | |
| 科图分类: | ||
| 主题词: | 企业家--生平事迹--世界 | |
| 电子资源: | ||
| ISBN: | 978-7-111-36844-1 | |
| 000 | 00936nam0 2200241 45 | |
| 001 | 1354502077 | |
| 005 | 20130510102223.95 | |
| 010 | @a978-7-111-36844-1@dCNY36.00@z7-111-36844-4 | |
| 100 | @a20130108d2012 em y0chiy0121 ea | |
| 101 | 1 | @achi@ceng |
| 102 | @aCN@b110000 | |
| 105 | @ay z 000yy | |
| 106 | @ar | |
| 200 | 1 | @a你不可不知的28位商界领袖@ANi Bu Ke Bu Zhi De 28 Wei Shang Jie Ling Xiu@f(美)里格比著@F( Mei ) Li Ge Bi Zhu@g齐艳译 |
| 210 | @a北京@c机械工业出版社@d2012.1 | |
| 215 | @a145页@d26cm | |
| 330 | @a本书介绍了那些从根本上塑造了他们自己的企业以及我们现在的商业模式的那些人物。他们之中,有的人是以智取胜,不像其他人依靠勇气和直觉;有的人胸怀靠商业改变世界的理想,而不像其他人那样为了金钱和权力而奋斗。 | |
| 606 | 0 | @a企业家@x生平事迹@z世界 |
| 690 | @aK815.38@v5 | |
| 701 | 0 | @c(美)@a里格比@ALi Ge Bi@4著 |
| 702 | 0 | @a齐艳@AQi Yan@4译 |
| 801 | @aCN@bTANGWEI@c20130108 | |
| 905 | @b0830362-64@dK815.38@e125@f3 | |
| 你不可不知的28位商界领袖/(美)里格比著/齐艳译.-北京:机械工业出版社,2012.1 |
| 145页;26cm |
| ISBN 978-7-111-36844-1:CNY36.00 |
| 本书介绍了那些从根本上塑造了他们自己的企业以及我们现在的商业模式的那些人物。他们之中,有的人是以智取胜,不像其他人依靠勇气和直觉;有的人胸怀靠商业改变世界的理想,而不像其他人那样为了金钱和权力而奋斗。 |
| ● |
| 相关链接 |
|
|
|
|
正题名:你不可不知的28位商界领袖
索取号:K815.38/125
 
预约/预借
| 序号 | 登录号 | 条形码 | 馆藏地/架位号 | 状态 | 备注 |
| 1 | 0830362 | 208303628 | 第二样本阅览室/ [索取号:K815.38/125] | 在馆 | |
| 2 | 0830363 | 208303637 | 第二借阅区/ [索取号:K815.38/125] | 在馆 | |
| 3 | 0830364 | 208303646 | 第二借阅区/ [索取号:K815.38/125] | 在馆 |